Ultrazvuk v technike a čistenie ultrazvukom v hutníctve Súpis literatúry č. 48

Uložené v:
Podrobná bibliografia
Hlavný autor: Bičanovský, Milan (Author)
Médium: Kniha
Jazyk:Slovak
Vydané: Košice : Štátna vedecká knižnica, 1966.
Vydanie:1. vyd.
ISBN: (brož.)
Fyzický popis: 12 s.
Tagy: Pridať tag
Žiadne tagy, Buďte prvý kto otaguje tento záznam!

MARC

LEADER 00000nam a2200000 a 4500
001 000168621
005 20100613194823.0
008 040101s1966 xo e slood
020 |a (brož.) 
040 |a SVKKK  |b slo  |c SVKKK  |e AACR2 
041 0 |a slo 
044 |a xo  |c SK 
100 1 |a Bičanovský, Milan  |4 aut 
245 1 0 |a Ultrazvuk v technike a čistenie ultrazvukom v hutníctve  |n Súpis literatúry č. 48  |c Milan Bičanovský. 
250 |a 1. vyd. 
260 |a Košice :  |b Štátna vedecká knižnica,  |c 1966. 
300 |a 12 s. 
910 |a svkkk 
998 |a BK 
090 |g SCKHL  |k Sklad Pribinova 2. posch.  |a II.155913  |j 385095  |i 2720041465  |s Absenčne 
090 |g SCKHL  |k Sklad Pribinova 2. posch.  |a II0.9955  |j 029308  |i B191145  |s Absenčne